000 00326nam a2200145 i 4500
001 bg
100 1 _aLEE, J. D.
245 0 _aZwięzła chemia nieorganiczna /
_cJ.D. Lee.
250 _aWyd. 2.
260 _aWarszawa,
_c1973.
040 _cBPK
041 _apol
942 _cKS
008 s pl f |000 0 pol
999 _c22778
_d22778
856 _uhttp://koha.tu.koszalin.pl/cgi-bin/koha/opac-detail.pl?biblionumber=22778
_yKatalog online BPK